<?xml version="1.0" encoding="UTF-8"?>
<record
    xmlns:xsi="http://www.w3.org/2001/XMLSchema-instance"
    xsi:schemaLocation="http://www.loc.gov/MARC21/slim http://www.loc.gov/standards/marcxml/schema/MARC21slim.xsd"
    xmlns="http://www.loc.gov/MARC21/slim">

  <leader>01335nam0a22003371  4500</leader>
  <controlfield tag="001">rc\2150805</controlfield>
  <controlfield tag="005">20250623022537.0</controlfield>
  <datafield tag="035" ind1=" " ind2=" ">
    <subfield code="a">(NLR Aleph) 006528845</subfield>
  </datafield>
  <datafield tag="090" ind1=" " ind2=" ">
    <subfield code="a">6511204</subfield>
    <subfield code="c">6511204</subfield>
  </datafield>
  <datafield tag="100" ind1=" " ind2=" ">
    <subfield code="a">20110826d1979    |||y0rusy50      ca</subfield>
  </datafield>
  <datafield tag="101" ind1="0" ind2=" ">
    <subfield code="a">rus</subfield>
  </datafield>
  <datafield tag="102" ind1=" " ind2=" ">
    <subfield code="a">RU</subfield>
  </datafield>
  <datafield tag="105" ind1=" " ind2=" ">
    <subfield code="a">a   j   |||||</subfield>
  </datafield>
  <datafield tag="200" ind1="1" ind2=" ">
    <subfield code="a">&#x41E;&#x433;&#x43D;&#x435;&#x443;&#x43F;&#x43E;&#x440;&#x43D;&#x430;&#x44F; &#x43A;&#x43B;&#x430;&#x434;&#x43A;&#x430; &#x43F;&#x440;&#x43E;&#x43C;&#x44B;&#x448;&#x43B;&#x435;&#x43D;&#x43D;&#x44B;&#x445; &#x43F;&#x435;&#x447;&#x435;&#x439;</subfield>
    <subfield code="e">[&#x423;&#x447;&#x435;&#x431;&#x43D;&#x438;&#x43A; &#x434;&#x43B;&#x44F; &#x441;&#x440;&#x435;&#x434;. &#x41F;&#x422;&#x423;]</subfield>
  </datafield>
  <datafield tag="205" ind1=" " ind2=" ">
    <subfield code="a">3-&#x435; &#x438;&#x437;&#x434;., &#x43F;&#x435;&#x440;&#x435;&#x440;&#x430;&#x431;. &#x438; &#x434;&#x43E;&#x43F;.</subfield>
  </datafield>
  <datafield tag="210" ind1=" " ind2=" ">
    <subfield code="a">&#x41C;&#x43E;&#x441;&#x43A;&#x432;&#x430;</subfield>
    <subfield code="c">&#x412;&#x44B;&#x441;&#x448;. &#x448;&#x43A;&#x43E;&#x43B;&#x430;</subfield>
    <subfield code="d">1979</subfield>
  </datafield>
  <datafield tag="215" ind1=" " ind2=" ">
    <subfield code="a">272 &#x441;.</subfield>
    <subfield code="c">&#x438;&#x43B;.</subfield>
    <subfield code="d">22</subfield>
  </datafield>
  <datafield tag="225" ind1="1" ind2=" ">
    <subfield code="a">&#x41F;&#x440;&#x43E;&#x444;&#x442;&#x435;&#x445;&#x43E;&#x431;&#x440;&#x430;&#x437;&#x43E;&#x432;&#x430;&#x43D;&#x438;&#x435;</subfield>
    <subfield code="i">&#x421;&#x442;&#x440;&#x43E;&#x438;&#x442;&#x435;&#x43B;&#x44C;&#x43D;&#x44B;&#x435; &#x440;&#x430;&#x431;&#x43E;&#x442;&#x44B;</subfield>
  </datafield>
  <datafield tag="606" ind1=" " ind2=" ">
    <subfield code="a">&#x41F;&#x440;&#x43E;&#x43C;&#x44B;&#x448;&#x43B;&#x435;&#x43D;&#x43D;&#x44B;&#x435; &#x43F;&#x435;&#x447;&#x438;</subfield>
    <subfield code="j">&#x423;&#x447;&#x435;&#x431;&#x43D;&#x438;&#x43A;&#x438; &#x438; &#x43F;&#x43E;&#x441;&#x43E;&#x431;&#x438;&#x44F;</subfield>
    <subfield code="x">&#x41A;&#x43B;&#x430;&#x434;&#x43A;&#x430;</subfield>
    <subfield code="2">psbo</subfield>
  </datafield>
  <datafield tag="606" ind1=" " ind2=" ">
    <subfield code="a">&#x41E;&#x433;&#x43D;&#x435;&#x443;&#x43F;&#x43E;&#x440;&#x44B;</subfield>
    <subfield code="j">&#x423;&#x447;&#x435;&#x431;&#x43D;&#x438;&#x43A;&#x438; &#x438; &#x43F;&#x43E;&#x441;&#x43E;&#x431;&#x438;&#x44F;</subfield>
    <subfield code="2">psbo</subfield>
  </datafield>
  <datafield tag="686" ind1=" " ind2=" ">
    <subfield code="a">38.728</subfield>
    <subfield code="2">rubbk</subfield>
  </datafield>
  <datafield tag="686" ind1=" " ind2=" ">
    <subfield code="a">&#x41D;625.712&#x44F;723-1</subfield>
    <subfield code="2">rubbk</subfield>
  </datafield>
  <datafield tag="700" ind1=" " ind2="1">
    <subfield code="a">&#x421;&#x435;&#x440;&#x435;&#x431;&#x440;&#x435;&#x43D;&#x43D;&#x438;&#x43A;&#x43E;&#x432;</subfield>
    <subfield code="b">&#x421;. &#x421;.</subfield>
    <subfield code="c">&#x438;&#x43D;&#x436;&#x435;&#x43D;&#x435;&#x440;-&#x441;&#x442;&#x440;&#x43E;&#x438;&#x442;&#x435;&#x43B;&#x44C;, &#x43F;&#x440;&#x43E;&#x43C;. &#x43F;&#x435;&#x447;&#x438;</subfield>
    <subfield code="g">&#x421;&#x435;&#x440;&#x433;&#x435;&#x439; &#x421;&#x435;&#x440;&#x433;&#x435;&#x435;&#x432;&#x438;&#x447;</subfield>
    <subfield code="9">142711</subfield>
    <subfield code="3">RU\NLR\AUTH\770142747</subfield>
  </datafield>
  <datafield tag="701" ind1=" " ind2="1">
    <subfield code="a">&#x418;&#x436;&#x43E;&#x440;&#x438;&#x43D;</subfield>
    <subfield code="b">&#x41C;.&#x41D;.</subfield>
    <subfield code="g">&#x41C;&#x438;&#x445;&#x430;&#x438;&#x43B; &#x41D;&#x438;&#x43A;&#x43E;&#x43B;&#x430;&#x435;&#x432;&#x438;&#x447;</subfield>
  </datafield>
  <datafield tag="801" ind1=" " ind2="0">
    <subfield code="a">RU</subfield>
    <subfield code="b">NLR</subfield>
    <subfield code="g">psbo</subfield>
  </datafield>
  <datafield tag="801" ind1=" " ind2="1">
    <subfield code="a">RU</subfield>
    <subfield code="b">ELAR</subfield>
    <subfield code="2">rusmarc</subfield>
  </datafield>
  <datafield tag="852" ind1=" " ind2=" ">
    <subfield code="a">NLR</subfield>
    <subfield code="j">79-5/3435</subfield>
  </datafield>
  <datafield tag="899" ind1=" " ind2=" ">
    <subfield code="a">RuMoRGB</subfield>
    <subfield code="j">M 79-3/262</subfield>
  </datafield>
  <datafield tag="942" ind1=" " ind2=" ">
    <subfield code="c">BOOK</subfield>
  </datafield>
  <datafield tag="980" ind1=" " ind2=" ">
    <subfield code="a">NB</subfield>
  </datafield>
  <datafield tag="995" ind1=" " ind2=" ">
    <subfield code="5">2013-10-26</subfield>
    <subfield code="b">NLR01</subfield>
    <subfield code="c">NLR01</subfield>
    <subfield code="e">RF9</subfield>
    <subfield code="f">6528845-10</subfield>
    <subfield code="k">79-5/3435</subfield>
    <subfield code="o">0</subfield>
    <subfield code="r">BOOK</subfield>
    <subfield code="s">7953435_</subfield>
  </datafield>
</record>
